000 00846nam a22002777a 4500
001 9807
003 FISKH
005 20260226134330.0
008 260226b cb ||||| |||| 00| 0 eng d
020 _a9780439709972
040 _aFISKH
_beng
_cFISKH
_dFISKH
050 _aPS3525 .E639
082 _a811
100 _aScieszka, Jon
_eAuthor
245 _aMy dog does my homework! /
_cAn exclusive collection of Poems by Shel Silverstein, Jack Prelutsky, Eve Merriam, and many more!
260 _aNew York :
_bScholastic Inc. ,
_c2004
300 _a32 pages :
_billustrations ;
_c20 cm
505 _aJ
520 _aA collection of 27 poems by various poets.
521 8 _a500
_bLexile estimate
521 8 _aJ
_bRaz-Plus
650 _aPoems
_vHumor
700 _aMoran, Mike
_eIllustrator
942 _2ddc
_cBK
_n0
999 _c9807
_d9807